| 000 | 00545nam a22001457a 4500 | ||
|---|---|---|---|
| 008 | 110815t1991 xxu||||g |||| 000 0 ara d | ||
| 082 |
_222 _a330.121 _bح م و |
||
| 100 |
_926699 _aحمود،سامى حسن احمد |
||
| 245 |
_aتطوير الأعمال المصرفية بما يتفق و الشريعة الإسلامية/ _cسامى حسن احمد حمود |
||
| 250 | _aط3. | ||
| 260 |
_aالقاهرة: _bمكتبة دار التراث،1991. _c1991. |
||
| 300 |
_a496ص، _c24سم. |
||
| 653 |
_bGeneral _cAugust2011 |
||
| 942 |
_2ddc _cBB |
||
| 999 |
_c15828 _d15828 |
||